Les 10 plus récents Pays dans le Monde - Statistiques

Statistiques générales
  • Ce quiz a été pris 187 fois
  • Le résultat moyen est 5 sur 10
Statistiques - réponses
Date de création Pays % Correct
17 février 2008 Kosovo
80%
09 juillet 2011 Soudan du Sud
77%
02 juin 2006 Montenegro
70%
05 juin 2006 Serbie
67%
25 juin 1991 Croatie
55%
01 janvier 1993 Slovaquie
52%
01 janvier 1993 République Tchèque
45%
20 mai 2002 Timor Oriental
41%
27 avril 1993 Erythrée
24%
01 octobre 1994 Palaos
12%
Aucun quiz correspondant
Distribution des résultats
% des personnes avec chaque résultat
Percentile par nombre de réponses
Votre historique - résultats
Vous n’avez pas pris ce quiz